000 00635nam a22002417a 4500
003 UA-OsUOA
001 24283
007 ta
008 20040212b un ||||| |||| 00| 0 ukr d
090 _a821.161.2
_bП31
942 _cBK
040 _aUA-OsUOA
_bukr
_cUA-OsUOA
_dUA-OsUOA
245 _aПролог. Альманах літературної студії "Франкова кузня"
_cРед. І.З.Павлюк
300 _a144 с.
955 _a0
041 _aukr
080 _a821.161.2
020 _a966-665-095-9
260 _aЛьвів
_bСполом
_c2003
044 _aUA
650 7 _2UDC
999 _c310550
_d310550